Football - Pays en 1/4 de finale de Coupe du Monde - Statistiques

Statistiques générales
  • Ce quiz a été pris 607 fois
    538 depuis la dernière actualisation
  • Le résultat moyen est 31 sur 41
Statistiques - réponses
Quarts de finale Pays % Correct
8 France
100%
18 Brésil
99%
17 Allemagne
98%
10 Argentine
96%
10 Italie
96%
11 Angleterre
95%
2 Portugal
94%
6 URSS/Russie
94%
6 Espagne
93%
7 Uruguay
93%
3 Belgique
91%
6 Pays-Bas
91%
7 Suède
88%
2 États-Unis
87%
2 Croatie
86%
2 Mexique
85%
1 Colombie
83%
3 Suisse
83%
2 Chili
82%
1 Corée du Sud
80%
5 Hongrie
79%
3 Pologne
78%
1 Turquie
78%
1 Danemark
77%
4 Tchécoslovaquie
77%
1 Sénégal
73%
1 Ghana
71%
4 Autriche
70%
7 Yougoslavie
70%
1 Irlande
69%
1 Cameroun
67%
2 Pérou
65%
1 Bulgarie
63%
2 Paraguay
63%
1 Ukraine
62%
2 Roumanie
60%
1 Costa Rica
59%
1 Pays de Galles
51%
1 Irlande du Nord
37%
1 Corée du Nord
33%
1 Cuba
27%
Aucun quiz correspondant
Distribution des résultats
% des personnes avec chaque résultat
Percentile par nombre de réponses
Votre historique - résultats
Vous n’avez pas pris ce quiz depuis la dernière actualisation